| 000 | 00594nam a22001815i 4500 | ||
|---|---|---|---|
| 001 | 164399 | ||
| 003 | ES-MaACL | ||
| 005 | 20250813063334.0 | ||
| 008 | 951120s1816 sp af |||| | spa d | ||
| 040 |
_aEUS _bspa _cEUS |
||
| 080 | _a821.134.2-14"17" | ||
| 100 | 1 |
_aSalas, Francisco Gregorio de, _d1728-1808 _9132319 |
|
| 245 | 1 | 0 |
_aObservatorio rústico / _cpor Francisco Gregorio de Salas. |
| 260 |
_aMadrid : _bRepulles, _c1816. |
||
| 300 |
_a156 p., [6] h. de lám. : _bil. ; _c14cm. |
||
| 852 |
_aES-MaACL _jR-2925 _z-- Enc. pasta _x Olim:F-1193 |
||
| 999 |
_c164399 _d164399 |
||